116th House of Representatives: New Members - Statistics

General Stats
  • This quiz has been taken 69 times
  • The average score is 44 of 89
Answer Stats
Hint Answer % Correct
Florida 27th Donna Shalala
83%
Arizona 2nd Ann Kirkpatrick
75%
Minnesota 5th Ilhan Omar
75%
California 45th Katie Porter
75%
Georgia 6th Lucy McBath
75%
Kansas 3rd Sharice Davids
75%
California 25th Katie Hill
73%
Iowa 3rd Cindy Axne
70%
Illinois 14th Lauren Underwood
70%
Massachusetts 7th Ayanna Pressley
68%
Connecticut 5th Jahana Hayes
68%
Maine 2nd Jared Golden
68%
Colorado 6th Jason Crow
68%
South Carolina 1st Joe Cunningham
68%
California 21st T.J. Cox
68%
Virginia 7th Abigail Spanberger
65%
New Jersey 3rd Andy Kim
65%
Utah 4th Ben McAdams
65%
Hawaii 1st Ed Case
65%
Arizona 9th Greg Stanton
65%
Colorado 2nd Joe Neguse
65%
New Mexico 2nd Xochitl Torres-Small
65%
Iowa 1st Abby Finkenauer
63%
New York 14th Alexandria Ocasio-Cortez
63%
Minnesota 2nd Angie Craig
60%
New Hampshire 1st Chris Pappas
60%
Texas 2nd Dan Crenshaw
60%
Florida 26th Debbie Muscarsel-Powell
60%
Michigan 8th Elissa Slotkin
60%
California 39th Gil Cisneros
60%
New Jersey 2nd Jeff Van Drew
60%
New Jersey 11th Mikie Sherrill
60%
Nevada 3rd Susie Lee
60%
West Virginia 3rd Carol Miller
58%
Michigan 11th Haley Stevens
58%
California 10th Josh Harder
58%
Oklahoma 5th Kendra Horn
58%
Texas 7th Lizzie Pannill Fletcher
58%
New York 11th Max Rose
58%
California 49th Mike Levin
58%
New Mexico 1st Deb Haaland
55%
California 48th Harley Rouda
55%
Virginia 10th Jennifer Wexton
55%
New Jersey 7th Tom Malinowski
55%
New York 22nd Anthony Brindisi
53%
Minnesota 3rd Dean Phillips
53%
Illinois 6th Sean Casten
53%
New York 19th Antonio Delgado
50%
Illinois 4th Chuy Garcia
50%
Indiana 6th Greg Pence
50%
Washington 8th Kim Schrier
50%
Texas 32nd Colin Allred
48%
Maryland 6th David Trone
48%
Pennsylvania 6th Chrissy Houlahan
45%
Virginia 2nd Elaine Luria
45%
North Dakota-AL Kelly Armstrong
45%
Nevada 4th Steven Horsford
45%
Virginia 5th Denver Riggleman
43%
South Dakota-AL Dusty Johnson
43%
Idaho 1st Russ Fulcher
43%
Wisconsin 1st Bryan Steil
40%
Minnesota 8th Pete Stauber
40%
Florida 15th Ross Spano
40%
Kansas 2nd Steve Watkins
40%
Michigan 9th Andy Levin
38%
Minnesota 1st Jim Hagedorn
38%
Florida 6th Michael Waltz
38%
Texas 16th Veronica Escobar
38%
Pennsylvania 14th Guy Reschenthaler
35%
Massachusetts 3rd Lori Trahan
35%
Texas 21st Chip Roy
33%
Florida 17th Greg Steube
33%
Pennsylvania 4th Madeline Dean
33%
Texas 29th Sylvia Garcia
33%
Indiana 4th Jim Baird
30%
Ohio 16th Anthony Gonzales
28%
Tennessee 7th Mark Green
28%
Texas 3rd Van Taylor
28%
Virginia 6th Ben Cline
25%
Mississippi 3rd Michael Guest
25%
Guam-AL Michael San Nicolas
23%
South Carolina 4th William Timmons
23%
Pennsylvania 9th Dan Meuser
20%
Tennessee 6th John Rose
20%
Texas 5th Lance Gooden
20%
Michigan 13th Rashida Tliab
20%
Texas 6th Ron Wright
20%
Tennessee 2nd Tim Burchett
20%
Pennsylvania 13th John Joyce
18%
No matching quizzes found
Score Distribution
Percent of People with Each Score
Percentile by Number Answered
Your Score History
You have not taken this quiz